000
00330nam a2200133Ia 4500
005
20251222151325.0
008
251222s9999||||xx |||||||||||||| ||spa||
020
_a
978670867074
082
_a
628.501.54/M22
100
_a
Manahan E. Stanley
245
0
_a
Introducción a la Química Ambiental
264
_b
REVERTE
942
_c
LIB
999
_c
23888
_d
23888